INFOS 2007 knižnice - piliere vedomostnej spoločnosti : prínos pamäťových inštitúcií k budovaniu vedomostnej spoločnosti
Guardado en:
| Autor Corporativo: | |
|---|---|
| Formato: | Libro |
| Lenguaje: | eslovaco |
| Publicado: |
Bratislava
Spolok slovenských knihovníkov
2007
|
| Materias: | |
| Etiquetas: |
Sin Etiquetas, Sea el primero en etiquetar este registro!
|
MARC
| LEADER | 00000nlm$a2200000$$$4500 | ||
|---|---|---|---|
| 001 | 0056349 | ||
| 005 | 20191211125254.4 | ||
| 020 | |a 978-80-969674-0-7 | ||
| 041 | 0 | |a slo | |
| 044 | |a SK | ||
| 245 | 1 | 0 | |a INFOS 2007 |b knižnice - piliere vedomostnej spoločnosti : prínos pamäťových inštitúcií k budovaniu vedomostnej spoločnosti |
| 264 | 1 | |a Bratislava |b Spolok slovenských knihovníkov |c 2007 | |
| 300 | |a CD-ROM | ||
| 500 | |a Na CD sa nachádzajú aj príspevky z rokov 2000, 2001, 2003 a 2005. | ||
| 610 | 2 | 0 | |a knihoveda |
| 610 | 2 | 0 | |a knihovníctvo |
| 610 | 2 | 0 | |a informatika |
| 610 | 2 | 0 | |a systémy informačné |
| 610 | 2 | 0 | |a služby informačné |
| 610 | 2 | 0 | |a digitalizácia |
| 610 | 2 | 0 | |a vzdelávanie |
| 110 | 2 | |a INFOS 2007. Medzinárodné informatické sympózium | |